Ordinary and delay differential equations /

Guardado en:
Autor Principal: Driver, Rodney D. 1932-
Formato: Libro
Idioma:English
Publicado: New York : Springer-Verlag, c1977.
Series:Applied mathematical sciences (Springer-Verlag New York Inc.) ; v. 20.
Materias:
Etiquetas: Agregar Etiqueta
Sin Etiquetas, Sea el primero en etiquetar este registro!
LEADER 00871cam a2200253 a 4500
001 MAT.inmabb005875
008 761229s1977####nyu######b####001#0#eng##
005 20130308102610.0
245 1 0 |a Ordinary and delay differential equations /  |c R. D. Driver. 
260 |a New York :  |b Springer-Verlag,  |c c1977. 
300 |a ix, 501 p. ;  |c 24 cm. 
490 1 |a Applied mathematical sciences ;  |v v. 20 
504 |a Bibliografía: p. 466-475. 
500 |a Incluye índice. 
510 4 |a MR,  |c 57 #16897 
020 |a 0387902317 
100 1 |a Driver, Rodney D.  |q (Rodney David),  |d 1932- 
830 0 |a Applied mathematical sciences (Springer-Verlag New York Inc.) ;  |v v. 20. 
650 0 |a Differential equations. 
650 0 |a Delay differential equations. 
084 |a 34Kxx (34-01)  |2 msc2000 
010 |a  76058452  
040 |a DLC  |c DLC  |d DLC 
859 |h 34  |i D782  |p A-4486  |b BIB. MATEMATICA